Online
Catalog

De todo un poco y de nada un mucho : (Record no. 56718)

MARC details
000 -CABECERA
campo de control de longitud fija 01274nam a2200313 i 4500
003 - IDENTIFICADOR DEL NÚMERO DE CONTROL
campo de control DO-SdBNP
005 - FECHA Y HORA DE LA ÚLTIMA TRANSACCIÓN
campo de control 20250127133500.0
007 - CAMPO FIJO DE DESCRIPCIÓN FÍSICA--INFORMACIÓN GENERAL
campo de control de longitud fija ta
008 - DATOS DE LONGITUD FIJA--INFORMACIÓN GENERAL
campo de control de longitud fija 240521t2012 dr ac||| |||| 00| j spa d
020 ## - NÚMERO INTERNACIONAL ESTÁNDAR DEL LIBRO
Número Internacional Estándar del Libro 9789945469967
040 ## - FUENTE DE LA CATALOGACIÓN
Centro catalogador/agencia de origen DO-SdBNP
Lengua de catalogación spa
Centro/agencia transcriptor BNPHU
Normas de descripción rda
082 #4 - NÚMERO DE LA CLASIFICACIÓN DECIMAL DEWEY
Número de edición 22
Número de documento/Ítem C762d
100 1# - ENTRADA PRINCIPAL--NOMBRE DE PERSONA
Nombre de persona Contín Aybar, Pedro René,
Fechas asociadas al nombre 1907-1981
9 (RLIN) 23565
Término indicativo de función/relación autor
245 10 - MENCIÓN DE TÍTULO
Título De todo un poco y de nada un mucho :
Resto del título charlas de sobre mesa /
Mención de responsabilidad, etc. Pedro René Contín Aybar; encargado de ediciones, Amado Santana.
264 #1 - PRODUCCIÓN, PUBLICACIÓN, DISTRIBUCIÓN, FABRICACIÓN Y COPYRIGHT
Producción, publicación, distribución, fabricación y copyright Santo Domingo :
Nombre del de productor, editor, distribuidor, fabricante Ministerio de Cultura,
-- Editora Nacional,
Fecha de producción, publicación, distribución, fabricación o copyright ©2012
300 ## - DESCRIPCIÓN FÍSICA
Extensión 98 páginas :
Otras características físicas ilustraciones, retrato ;
Dimensiones 23 cm.
336 ## - TIPO DE CONTENIDO
Fuente rdacontent
Término de tipo de contenido texto
Código de tipo de contenido txt
337 ## - TIPO DE MEDIO
Fuente rdamedia
Nombre/término del tipo de medio sin mediación
Código del tipo de medio n
338 ## - TIPO DE SOPORTE
Fuente rdacarrier
Nombre/término del tipo de soporte volumen
Código del tipo de soporte nc
490 ## - MENCIÓN DE SERIE
Mención de serie Clásicos Dominicanos.
500 ## - NOTA GENERAL
Nota general Incluye datos biográficos del autor en las solapas de las cubiertas.
500 ## - NOTA GENERAL
Nota general Edición especial con ilustraciones a mano del propio autor. Para su biblioteca. Santo Domingo y a 1927.
590 ## - NOTA LOCAL (RLIN)
Nota local Inventariado 2024 / MF
650 #4 - PUNTO DE ACCESO ADICIONAL DE MATERIA--TÉRMINO DE MATERIA
Término de materia o nombre geográfico como elemento de entrada Literatura dominicana.
9 (RLIN) 67
650 #4 - PUNTO DE ACCESO ADICIONAL DE MATERIA--TÉRMINO DE MATERIA
Término de materia o nombre geográfico como elemento de entrada Cuentos Dominicanos
9 (RLIN) 31999
700 1# - PUNTO DE ACCESO ADICIONAL--NOMBRE DE PERSONA
Nombre de persona Santana, Amado
9 (RLIN) 7207
Término indicativo de función/relación editor
710 2# - PUNTO DE ACCESO ADICIONAL--NOMBRE DE ENTIDAD CORPORATIVA
Nombre de entidad corporativa o nombre de jurisdicción como elemento de entrada Banco Nacional de la Vivienda (República Dominicana)
9 (RLIN) 7172
942 ## - ELEMENTOS DE PUNTO DE ACCESO ADICIONAL (KOHA)
Fuente del sistema de clasificación o colocación Dewey Decimal Classification
Tipo de ítem Koha Libro
Holdings
Estado de retiro Estado de pérdida Fuente del sistema de clasificación o colocación Restricciones de uso No para préstamo Código de colección Localización permanente Ubicación/localización actual Ubicación en estantería Fecha de adquisición Fuente de adquisición Total de préstamos Signatura topográfica completa Código de barras Fecha visto por última vez Precio válido a partir de Tipo de ítem Koha Número de copia Nota pública
    Dewey Decimal Classification Excluido de préstamo   Patrimonio Dominicano Biblioteca Nacional Pedro Henríquez Ureña Biblioteca Nacional Pedro Henríquez Ureña En catalogación 08.05.2024 Donado por el Ministerio de la Mujer   C762d 2024-3098 21.05.2024 21.05.2024 Libro    
    Dewey Decimal Classification Excluido de préstamo   Patrimonio Dominicano Biblioteca Nacional Pedro Henríquez Ureña Biblioteca Nacional Pedro Henríquez Ureña En catalogación 01.12.2023 Donado por la Presidencia de la República Dominicana 2023   BNPHU PD C762d 2025-0561 29.01.2025 29.01.2025 Libro e. 2 Perteneció a la biblioteca personal de René Rodríguez Soriano

Powered by Koha